| 000 | 00000nam 2200000zi 4500 |
| 001 | 9.909663 |
| 003 | CaOODSP |
| 005 | 20221102155531 |
| 006 | m o d f |
| 007 | cr cn||||||||| |
| 008 | 220331e202203 onco o f000 0 fre d |
| 020 | |a9780660428352 |
| 040 | |aCaOODSP|bfre|erda|cCaOODSP |
| 043 | |an-cn--- |
| 086 | 1 |aHP40-38/2022F-PDF |
| 245 | 00|aGuide sur la vaccination à l'intention des parents. |
| 264 | 1|aOttawa (Ontario) : |bAgence de la santé publique du Canada = Public Health Agency of Canada, |cmars 2022. |
| 264 | 4|c©2022 |
| 300 | |a1 ressource en ligne (28 pages) : |bphotographies |
| 336 | |atexte|btxt|2rdacontent/fre |
| 337 | |ainformatique|bc|2rdamedia/fre |
| 338 | |aressource en ligne|bcr|2rdacarrier/fre |
| 500 | |aPublié aussi en anglais sous le titre : A parent's guide to vaccination. |
| 500 | |aPublié aussi en ukrainien. |
| 500 | |aPublié aussi en format HTML. |
| 650 | 6|aEnfants|xVaccination|zCanada. |
| 710 | 2 |aAgence de santé publique du Canada, |eorganisme de publication. |
| 775 | 08|tA parent's guide to vaccination.|w(CaOODSP)9.909662 |
| 775 | 08|t[Guide sur la vaccination à l'intention des parents].|w(CaOODSP)9.909932 |
| 794 | |tGuide sur la vaccination à l'intention des parents.|w(CaOODSP)9.916836 |
| 795 | |tGuide sur la vaccination à l'intention des parents.|w(CaOODSP)9.856288 |
| 856 | 40|qPDF|s2.68 Mo|uhttps://publications.gc.ca/collections/collection_2022/aspc-phac/HP40-38-2022-fra.pdf |
| 856 | 4 |qHTML|sS.O.|uhttps://www.canada.ca/fr/sante-publique/services/publications/vie-saine/guide-vaccination-intention-parents.html |
| 986 | |a210768 |